| 000 | 00505nam a2200193Ia 4500 | ||
|---|---|---|---|
| 008 | 170705s9999 xx 000 0 und d | ||
| 020 | _a43931707x | ||
| 245 | _aBones! : | ||
| 245 | _ball kinds of hands, all kinds of feet / | ||
| 245 | _cRosanna Hansen ; illustrated by Joel Snyder. | ||
| 260 | _aNew York : | ||
| 260 | _bScholastic, | ||
| 260 | _c2002 | ||
| 300 | _aunpaged : | ||
| 300 | _bcolor illustration ; | ||
| 300 | _c23cm. | ||
| 440 | _aHello reader science level 3. | ||
| 500 | _a530 | ||
| 999 |
_c336036 _d336036 |
||